000 00329nam a22001337a 4500
008 190227b xxu||||| |||| 00| 0 eng d
020 _a9781577663539
041 _aeng
080 _a616.073
100 _a6
101 _aRAD
245 _aInterpretation of Airphotos and Remotely Sensed Imagery
_cArnold, R.H
942 _2udc
_cBK
999 _c54351
_d54351